[Event "6th HIT Open"]
[Site "Nova Gorica SLO"]
[Date "2001.02.01"]
[Round "8"]
[White "Zufic,M"]
[Black "Tratar,M"]
[Result "1/2-1/2"]
[WhiteElo "2240"]
[BlackElo "2435"]

1.e4 c5 2.Nf3 d6 3.d4 cxd4 4.Nxd4 Nf6 5.Nc3 a6 6.Be3 Ng4 7.Bg5 h6 8.Bh4 g5
9.Bg3 Bg7 10.h3 Nf6 11.Qf3 Qb6 12.O-O-O Nc6 13.Nxc6 Qxc6 14.e5 Qxf3 15.gxf3 dxe5
16.Bxe5 O-O 17.h4 gxh4 18.Rxh4 Bf5 19.Rb4 b5 20.a4 bxa4 21.Rxa4 Bc8 22.Nd5 Nxd5
23.Rxd5 e6 24.Bxg7 exd5 25.Bxf8 Kxf8 26.Kd2 Kg7 27.Bd3 Rb8 28.Kc3 Rb6 29.Rh4 Rf6
30.f4  1/2-1/2

[Event "12th Goodricke Open"]
[Site "Calcutta IND"]
[Date "2001.02.07"]
[Round "2"]
[White "Konguvel,P"]
[Black "Gallagher,Jo"]
[Result "0-1"]
[WhiteElo "2383"]
[BlackElo "2519"]

1.e4 c5 2.Nf3 d6 3.d4 cxd4 4.Nxd4 Nf6 5.Nc3 a6 6.Be3 e5 7.Nb3 Be6 8.f3 Nbd7
9.Qd2 Be7 10.g4 h6 11.O-O-O b5 12.h4 Nb6 13.Qf2 Nfd7 14.Kb1 Rc8 15.Nd5 Bxd5
16.exd5 Nc4 17.Bc1 a5 18.Nd2 Nxd2+ 19.Bxd2 b4 20.Bd3 O-O 21.Bf5 Rb8 22.g5 h5
23.g6 fxg6 24.Bxg6 Nf6 25.Bf5 Kh8 26.Rdg1 Qc7 27.Qg3 Bd8 28.Be6 Qe7 29.Qg6 Rb7
30.Rh3 Qe8 31.Qd3 Qb5 32.Qf5 Bb6 33.Rgh1 a4 34.Bg5 Qe8 35.Rg3 Nxd5 36.Qh3 Nf4
37.Bxf4 exf4 38.Rg5 Re7 39.Re1 Rf6 40.Reg1 Rfxe6  0-1

[Event "FSGM February"]
[Site "Budapest HUN"]
[Date "2001.02.09"]
[Round "6"]
[White "Medvegy,Z"]
[Black "Szeberenyi,A"]
[Result "1/2-1/2"]
[WhiteElo "2444"]
[BlackElo "2411"]

1.e4 c5 2.Nf3 d6 3.d4 cxd4 4.Nxd4 Nf6 5.Nc3 a6 6.Be3 Ng4 7.Bg5 h6 8.Bh4 g5
9.Bg3 Bg7 10.h3 Ne5 11.f3 Nbc6 12.Bf2 Be6 13.h4 Nxd4 14.Bxd4 Qa5 15.Qd2 Rc8
16.Rd1 Bf6 17.hxg5 hxg5 18.Rxh8+ Bxh8 19.Nd5 Qxd2+ 20.Rxd2 Bxd5 21.exd5 Kd7
22.c3 e6 23.Kf2 Bf6 24.g3 Ke7 25.dxe6  1/2-1/2

[Event "12th Goodricke Open"]
[Site "Calcutta IND"]
[Date "2001.02.09"]
[Round "4"]
[White "Dworakowska,J"]
[Black "Gallagher,Jo"]
[Result "0-1"]
[WhiteElo "2354"]
[BlackElo "2519"]

1.e4 c5 2.Nf3 d6 3.d4 cxd4 4.Nxd4 Nf6 5.Nc3 a6 6.Be3 e5 7.Nb3 Be7 8.f3 Be6
9.Qd2 O-O 10.O-O-O Nbd7 11.g4 Qc7 12.g5 Nh5 13.Kb1 Rfc8 14.Qf2 b5 15.h4 Rcb8
16.Nd5 Bxd5 17.exd5 a5 18.Bd3 a4 19.Nc1 a3 20.c3 axb2 21.Qxb2 g6 22.Be4 Ra4
23.Nd3 Ng3 24.Nb4 Nc5 25.Bxc5 Qxc5 26.Rhe1 Bf8 27.Bc2 Raa8 28.Nc6 Rb6 29.Qb4 Qf2
30.Qg4 Rxa2 31.Nb4 Ra4 32.h5 Ne2 33.Rxe2 Qxe2 34.hxg6 hxg6 35.Rh1 Rb8 36.Bxg6 Bg7
37.Bh7+ Kf8 38.Bc2 Rba8 39.Bxa4 bxa4 40.Qd7 a3 41.Qxd6+ Kg8 42.Nc2 Qxf3 43.Rh2 a2+
44.Kb2 Qd1  0-1

[Event "FSIMA February"]
[Site "Budapest HUN"]
[Date "2001.02.10"]
[Round "7"]
[White "Erdelyi,Z"]
[Black "Anka,E"]
[Result "0-1"]
[WhiteElo "2244"]
[BlackElo "2425"]

1.e4 c5 2.Nf3 d6 3.d4 cxd4 4.Nxd4 Nf6 5.Nc3 a6 6.Be3 e6 7.Be2 Nbd7 8.f4 Qc7
9.O-O b5 10.Bf3 Bb7 11.a3 Be7 12.Kh1 Rc8 13.Qe1 h5 14.Qg3 g6 15.Rae1 e5 16.Nb3 h4
17.Qh3 exf4 18.Bxf4 Nh5 19.Bxh5 Rxh5 20.Nd5 Bxd5 21.exd5 Kf8 22.Nd4 Nf6 23.Bxd6 Bxd6
24.Rxf6 Re8 25.Ref1 Kg8 26.Qg4 Rhe5 27.Ne6 Qe7 28.g3 Rxd5 29.Rxg6+ fxg6 30.Qxg6+ Kh8
31.Rf7 Rd1+ 32.Kg2 h3+ 33.Kf2 Bc5+ 34.Ke2 Qxe6+ 35.Qxe6 Rxe6+ 36.Kxd1 Bg1
37.Rf1 Be3 38.Rf5 Kg7 39.Rh5 Rh6 40.Rxh6 Kxh6 41.Ke2 Bc1  0-1

[Event "ch-Pol u20"]
[Site "Brzeg Dolny POL"]
[Date "2001.02.11"]
[Round "5"]
[White "Owczarzak,J"]
[Black "Szelag,M"]
[Result "1-0"]
[WhiteElo "2311"]
[BlackElo "2403"]

1.e4 c5 2.Nf3 d6 3.d4 cxd4 4.Nxd4 Nf6 5.Nc3 a6 6.Be3 e5 7.Nb3 Be6 8.f3 Be7
9.Qd2 O-O 10.O-O-O Nbd7 11.g4 Qc7 12.g5 Nh5 13.Nd5 Bxd5 14.exd5 a5 15.Kb1 a4
16.Nc1 Nb6 17.Rg1 Rfc8 18.Qf2 Nc4 19.Bxc4 Qxc4 20.Rg4 Qb5 21.a3 Rc4 22.Qh4 Rxg4
23.Qxg4 g6 24.c4 Qe8 25.Nd3 Ng7 26.Qe4 Nf5 27.f4 exf4 28.Bxf4 Qd8 29.h4 Qb6
30.h5 Bf8 31.hxg6 hxg6 32.Bd2 Rc8 33.Rc1 Bg7 34.Bb4 Bd4 35.Ka2 Kf8 36.c5 dxc5
37.Nxc5 Rxc5 38.Qxd4 Nxd4 39.Bxc5+ Qxc5 40.Rxc5 Ke8 41.Rc7 b5 42.Rb7 Nf3
43.Rxb5 Nxg5 44.b3 Ne4 45.Rb8+ Ke7 46.Rb7+ Kf6 47.bxa4 g5 48.a5 g4 49.a6 g3
50.a7 g2 51.a8=Q Nc3+ 52.Kb3 g1=Q 53.Qh8+ Kf5 54.Rxf7+ Ke4 55.Re7+ Kxd5 56.Qe5+ Kc6
57.Qxc3+  1-0

[Event "FSGM February"]
[Site "Budapest HUN"]
[Date "2001.02.12"]
[Round "9"]
[White "Sherzer,A"]
[Black "Szeberenyi,A"]
[Result "1-0"]
[WhiteElo "2472"]
[BlackElo "2411"]

1.e4 c5 2.Nf3 d6 3.d4 cxd4 4.Nxd4 Nf6 5.Nc3 a6 6.Be3 Ng4 7.Bg5 h6 8.Bc1 Nc6
9.Be2 Nf6 10.f4 Qb6 11.Nb3 e6 12.Qd3 Nb4 13.Qd2 Bd7 14.a3 Nc6 15.Qe3 Qxe3
16.Bxe3 b5 17.O-O-O Be7 18.g4 O-O 19.h4 Kh7 20.g5 Ng8 21.Rdg1 Rfc8 22.Rg2 Bf8
23.Rhg1 Nce7 24.Kb1 Bc6 25.Na5 f5 26.gxf6 Nxf6 27.Bd4 e5 28.fxe5 Nxe4 29.Bd3 d5
30.Nxc6 Nxc6 31.Nxd5 Nxd4 32.Bxe4+ Kh8 33.Nb6  1-0

[Event "FSIMA February"]
[Site "Budapest HUN"]
[Date "2001.02.12"]
[Round "9"]
[White "Jurkovic,A"]
[Black "Anka,E"]
[Result "1-0"]
[WhiteElo "2349"]
[BlackElo "2425"]

1.e4 c5 2.Nf3 d6 3.d4 cxd4 4.Nxd4 Nf6 5.Nc3 a6 6.Be3 e6 7.g4 h6 8.Bg2 Nbd7
9.Qe2 Ne5 10.h3 Qc7 11.O-O-O g5 12.h4 Rg8 13.hxg5 hxg5 14.Nf3 Nfxg4 15.Bxg5 Nxf3
16.Bxf3 Rxg5 17.Bxg4 Bg7 18.f4 Rc5 19.Na4 Ra5 20.Rh7 Kf8 21.Rxg7 Kxg7 22.Nc3 Bd7
23.Rg1 Qc5 24.Qe1 Kf8 25.Rh1 Qd4 26.Ne2 Qg7 27.Qxa5 Qxg4 28.Rh8+ Kg7 29.Rxa8 Bb5
30.Qd8  1-0

[Event "12th Goodricke Open"]
[Site "Calcutta IND"]
[Date "2001.02.14"]
[Round "9"]
[White "Bakre,T"]
[Black "Dworakowska,J"]
[Result "1-0"]
[WhiteElo "2401"]
[BlackElo "2354"]

1.e4 c5 2.Nf3 d6 3.d4 cxd4 4.Nxd4 Nf6 5.Nc3 a6 6.Be3 e5 7.Nf3 Be6 8.Ng5 Qc7
9.Nxe6 fxe6 10.g3 Nc6 11.Bg2 Be7 12.O-O O-O 13.Bh3 Nd8 14.Qd3 b5 15.a3 Kh8
16.Rad1 Rb8 17.f4 b4 18.axb4 Rxb4 19.b3 Qc6 20.f5 Nxe4 21.Nxe4 Qxe4 22.fxe6 Rxf1+
23.Rxf1 Qxd3 24.cxd3 g5 25.Rc1 Rxb3 26.Rc7 Rb7 27.Rc8 Kg7 28.d4 Rb1+ 29.Kf2 Rb2+
30.Kf3 h5 31.dxe5 dxe5 32.Bf5 Kf6 33.g4 Rxh2 34.Rc7 Rh3+ 35.Ke4 Nxe6 36.Rc6 hxg4
37.Bxe6 Rh4 38.Bxg4+ Kf7 39.Kf5 Rh8 40.Rc7 Ke8 41.Rc8+  1-0

[Event "Open"]
[Site "Coria del Rio ESP"]
[Date "2001.02.21"]
[Round "8"]
[White "Korneev,O"]
[Black "Vera,R"]
[Result "1/2-1/2"]
[WhiteElo "2600"]
[BlackElo "2562"]

1.e4 c5 2.Nf3 d6 3.d4 cxd4 4.Nxd4 Nf6 5.Nc3 a6 6.Be3 e6 7.f3 b5 8.g4 b4 9.Nce2 h6
10.Ng3 e5 11.Nb3 Be6 12.Bd3 Nbd7 13.Qe2 a5 14.Bc4 Qc7 15.Nd2 d5 16.exd5  1/2-1/2

[Event "Open"]
[Site "Cappelle la Grande FRA"]
[Date "2001.02.25"]
[Round "2"]
[White "Landa,K"]
[Black "Roeder,M"]
[Result "1-0"]
[WhiteElo "2610"]
[BlackElo "2456"]

1.e4 c5 2.Nf3 d6 3.d4 cxd4 4.Nxd4 Nf6 5.Nc3 a6 6.Be3 e5 7.Nf3 Be7 8.Bc4 Be6
9.Qe2 O-O 10.O-O h6 11.Rfd1 Qc7 12.Bb3 Nbd7 13.Nh4 Rfe8 14.Qf3 Bf8 15.Nf5 Kh7
16.Nd5 Nxd5 17.Bxd5 Bxd5 18.Rxd5 Re6 19.Nxh6 Nf6 20.Qf5+ Kh8 21.Bg5 Rae8
22.Rd3 Nh5 23.Nxf7+ Kg8 24.Nd8 Rf6 25.Bxf6 Nxf6 26.Ne6 Qxc2 27.Rg3 Qxb2 28.Rf1 Qxa2
29.Nxg7 Bxg7 30.Qxf6 Qf7 31.Qxd6 Re6 32.Qb8+ Kh7 33.Rc1 Qf4 34.Rc7 Re7 35.Qxb7 Kh8
36.Rc8+  1-0

[Event "Open"]
[Site "Cappelle la Grande FRA"]
[Date "2001.02.26"]
[Round "4"]
[White "Van den Doel,E"]
[Black "Jaracz,P"]
[Result "0-1"]
[WhiteElo "2564"]
[BlackElo "2477"]

1.e4 c5 2.Nf3 d6 3.d4 cxd4 4.Nxd4 Nf6 5.Nc3 a6 6.Be3 e6 7.g4 h5 8.g5 Ng4
9.Bc1 Qb6 10.h3 Ne5 11.Nb3 Nbd7 12.Be3 Qc7 13.f4 Nc6 14.g6 fxg6 15.Qd2 b5
16.Rg1 Bb7 17.O-O-O O-O-O 18.Bxb5 axb5 19.Nxb5 Qb8 20.Na5 Nf6 21.Nc4 Ba6
22.Ncxd6+ Bxd6 23.Nxd6+ Kc7 24.Rxg6 Rd7 25.Rxf6 gxf6 26.Nb5+ Qxb5 27.Qxd7+ Kb8
28.Qxe6 Rc8 29.b3 Qe2 30.Qd6+ Ka8 31.Qc5 Nd4 32.Bxd4 Rxc5 33.Bxc5 Qxe4 34.a4 Bc8
35.Rd4 Qe3+ 36.Kb2 Qxh3 37.b4 Qf5  0-1

[Event "Open"]
[Site "Cappelle la Grande FRA"]
[Date "2001.02.28"]
[Round "6"]
[White "Jaracz,P"]
[Black "Savchenko,S"]
[Result "1/2-1/2"]
[WhiteElo "2477"]
[BlackElo "2519"]

1.e4 c5 2.Nc3 d6 3.Nf3 a6 4.d4 cxd4 5.Nxd4 Nf6 6.Be3 e5 7.Nb3 Be6 8.Qd2 Be7
9.f4 Qc7 10.h3 Nbd7 11.g4  1/2-1/2

[Event "Open"]
[Site "Cappelle la Grande FRA"]
[Date "2001.03.01"]
[Round "7"]
[White "Jochens,A"]
[Black "Vanderstricht,G"]
[Result "0-1"]
[WhiteElo "2155"]
[BlackElo "2427"]

1.e4 c5 2.Nf3 d6 3.d4 cxd4 4.Nxd4 Nf6 5.Nc3 a6 6.Be3 e5 7.Nb3 Be7 8.f3 Be6
9.Qd2 Nbd7 10.O-O-O O-O 11.g4 b5 12.g5 b4 13.Na4 Nh5 14.Qxb4 d5 15.Nbc5 Nxc5
16.Bxc5 Bxc5 17.Nxc5 Qxg5+ 18.Qd2 Nf4 19.h4 Qe7 20.exd5 Bxd5 21.Nd3 Bxf3
22.Nxf4 Bxh1 23.Bd3 exf4  0-1

[Event "Tch-NED"]
[Site "NED"]
[Date "2001.03.04"]
[Round "6"]
[White "Wiersma,E"]
[Black "Azadmanesh,M"]
[Result "0-1"]
[WhiteElo "2404"]
[BlackElo "2174"]

1.e4 c5 2.Nf3 d6 3.d4 cxd4 4.Nxd4 Nf6 5.Nc3 a6 6.Be3 e5 7.Nb3 Be7 8.f3 h5
9.Qd2 Be6 10.O-O-O b5 11.Nd5 Nxd5 12.exd5 Bf5 13.Kb1 Qc7 14.Rc1 Nd7 15.Na5 Nb6
16.Ka1 Nc4 17.Bxc4 bxc4 18.Nc6 Qb7 19.Qc3 Rc8 20.f4 Bf6 21.fxe5 dxe5 22.Rhf1 Be6
23.dxe6 Rxc6 24.exf7+ Qxf7 25.Qb4 Qe7 26.Qb8+ Qd8 27.Qxd8+ Kxd8 28.Rcd1+ Kc8
29.Rf5 h4 30.c3 Kc7 31.Kb1 Rd6 32.Rxd6 Kxd6 33.Kc2 Ke6 34.Rf2 Rd8 35.b3 cxb3+
36.axb3 Kd5 37.Re2 Rc8 38.h3 Rc6 39.Bf2 Ke6 40.Re4 Kf5 41.Ra4 e4 42.c4 Kf4
43.c5 Be7 44.Rc4 Bd8 45.Kd1 Rg6 46.c6 Rxg2 47.Bxh4 Bc7 48.Rd4 Rg6 49.Rd7 Rxc6
50.Rxg7 Kf3 51.Rf7+ Bf4  0-1

[Event "Ivan Zanic Mem"]
[Site "Stara Pazova YUG"]
[Date "2001.03.09"]
[Round "1"]
[White "Sedlak,N"]
[Black "Colovic,A"]
[Result "1-0"]
[WhiteElo "2460"]
[BlackElo "2416"]

1.e4 c5 2.Nf3 d6 3.d4 cxd4 4.Nxd4 Nf6 5.Nc3 a6 6.Be3 e5 7.Nb3 Be6 8.f3 Be7
9.Qd2 O-O 10.O-O-O Nbd7 11.g4 b5 12.g5 Nh5 13.Kb1 Nb6 14.Nd5 Nxd5 15.exd5 Bd7
16.Na5 Qc7 17.Bd3 Rac8 18.Rhg1 Kh8 19.Rc1 Bd8 20.Nc6 Bxc6 21.dxc6 Qxc6 22.Bf5 Rb8
23.Bg4 Nf4 24.Bxf4 exf4 25.Qxf4 Qc4 26.Qd2 Bb6 27.Rge1 Qc5 28.f4 Rbe8 29.c3 d5
30.Bf3 Rxe1 31.Rxe1 d4 32.cxd4 Qxd4 33.Qxd4 Bxd4 34.Bd5 h6 35.Re7 Bc5 36.Rd7 Be3
37.Bxf7 Bxf4 38.g6 a5 39.h3 Rc8 40.a3 Bg3 41.Ka2 b4 42.a4 b3+ 43.Kxb3 Be1
44.Rb7 Bd2 45.Be6 Re8 46.Kc4 Be1 47.Kd5 Bd2 48.Kd6 Bg5 49.b4 axb4 50.Rxb4 Bd2
51.Kd7 Ra8 52.Rc4 h5 53.Rc8+ Rxc8 54.Kxc8 h4 55.Kb7 Ba5 56.Ba2 Bc3 57.Bb1 Bd4
58.a5  1-0

[Event "56th ch-YUG"]
[Site "Herceg Novi YUG"]
[Date "2001.03.24"]
[Round "2"]
[White "Kovacevic,A"]
[Black "Tadic,B"]
[Result "1-0"]
[WhiteElo "2521"]
[BlackElo "2407"]

1.e4 c5 2.Nf3 d6 3.d4 cxd4 4.Nxd4 Nf6 5.Nc3 a6 6.Be3 e5 7.Nb3 Be6 8.f3 h5
9.Nd5 Bxd5 10.exd5 Nbd7 11.Qd2 Be7 12.Be2 g6 13.Na5 Qc8 14.a4 O-O 15.Ra3 Bd8
16.Nc4 Qb8 17.a5 e4 18.f4 Ne8 19.f5 Ng7 20.O-O Bf6 21.g4 hxg4 22.Bxg4 Qc7
23.Nb6 Nxb6 24.Bxb6 Qc4 25.Be2 e3 26.Bxe3 Qh4 27.Bf2 Qh7 28.fxg6 fxg6 29.Bg4 Nh5
30.Rh3 Be5 31.Kh1 Rf4 32.Rg1 Raf8 33.Be3 Rxg4 34.Rxg4 Rf5 35.Qg2 Kf7 36.Rg5 Rf6
37.Qg4 Ke7 38.Rxe5+ dxe5 39.Bg5 Qf7 40.Qe6+ Qxe6 41.dxe6 Kxe6 42.Bxf6 Nxf6
43.Rb3 e4 44.Rxb7 e3 45.Kg2  1-0

[Event "Open"]
[Site "Bled SLO"]
[Date "2001.03.25"]
[Round "2"]
[White "Zufic,M"]
[Black "Kozul,Z"]
[Result "0-1"]
[WhiteElo "2240"]
[BlackElo "2594"]

1.e4 c5 2.Nf3 d6 3.d4 cxd4 4.Nxd4 Nf6 5.Nc3 a6 6.Be3 e6 7.g4 h6 8.h3 b5 9.Bg2 Bb7
10.a3 Nbd7 11.O-O Rc8 12.Nde2 Ne5 13.b3 g5 14.Qd2 h5 15.Bxg5 hxg4 16.hxg4 Nexg4
17.f3 Qb6+ 18.Nd4 Bh6 19.Bxh6 Nxh6 20.Rf2 e5 21.Nde2 Ke7 22.Nd1 d5 23.Qg5 Qd6
24.Ng3 Rcg8 25.Qxh6 Rxh6 26.Nf5+ Ke6 27.Nxd6 Kxd6 28.Ne3 Ke6 29.exd5+ Nxd5
30.Nxd5 Bxd5 31.Rd1 f6 32.Rd3 Bb7 33.Kf1 Kf5 34.Rd7 Bc8 35.Rc7 Kf4 36.c4 Bf5
37.cxb5 axb5 38.Rc3 Rh2 39.Kg1 Rh7 40.Kf1 Rd7 41.Ra2 Rdg7 42.Kg1 Bh3 43.Rcc2 Bxg2
44.Rxg2 Kxf3 45.Rf2+ Ke4 46.Re2+ Kd3 47.Rxg7 Rxg7+ 48.Kf2 Rg2+ 49.Kxg2 Kxe2
50.a4 bxa4 51.bxa4 f5 52.a5 f4 53.a6 f3+ 54.Kg3 f2 55.a7 f1=Q 56.a8=Q Qf2+  0-1

[Event "Open"]
[Site "Bled SLO"]
[Date "2001.03.25"]
[Round "2"]
[White "Gombac,Jan"]
[Black "Fercec,N"]
[Result "0-1"]
[WhiteElo "2206"]
[BlackElo "2450"]

1.e4 c5 2.Nf3 d6 3.d4 cxd4 4.Nxd4 Nf6 5.Nc3 a6 6.Be3 e5 7.Nb3 Be6 8.f3 Nbd7
9.g4 b5 10.g5 b4 11.Nd5 Nxd5 12.exd5 Bf5 13.Bd3 Bxd3 14.Qxd3 Be7 15.Rg1 O-O
16.O-O-O a5 17.Qf5 a4 18.Nd2 b3 19.axb3 axb3 20.Nxb3 Qc7 21.Rd3 Nb6 22.Rg4 Nc4
23.Rh4 g6 24.Qe4 Nxe3 25.Qxe3 Rfc8 26.Rc3 Qb7 27.Qd2 Rcb8 28.Kd1 Ra2 29.Rhc4 Rxb2
30.Rc6 Rb1+ 31.Ke2 Qd7 32.Rc7 Qh3 33.Rxe7 Qf1+ 34.Ke3 Re1+ 35.Qxe1 Qxe1+
36.Kd3 Qf1+ 37.Kd2 Qg2+ 38.Kd1 Qg1+ 39.Ke2 Qxh2+ 40.Kf1 Qh1+ 41.Kf2 Qh4+
42.Kf1 Qxg5 43.Rcc7 Rf8 44.Ke2 h5 45.Nd2 h4 46.Ne4 Qg2+ 47.Kd3 h3  0-1

[Event "Wotulo Mem"]
[Site "Jakarta INA"]
[Date "2001.03.27"]
[Round "6"]
[White "Liu Dede"]
[Black "Kosasih,C"]
[Result "1/2-1/2"]
[WhiteElo "2378"]
[BlackElo "2420"]

1.e4 c5 2.Nf3 d6 3.d4 cxd4 4.Nxd4 Nf6 5.Nc3 a6 6.Be3 e5 7.Nb3 Be7 8.f3 O-O
9.Qd2 Nbd7 10.O-O-O b5 11.g4 Bb7 12.g5 Nh5 13.Bh3 b4 14.Na4 Bc6 15.Bxd7 Bxd7
16.Nb6 a5 17.Nxa8 Qxa8 18.Qd5 a4 19.Qxa8 Rxa8 20.Nd2 Bb5 21.Rde1 g6 22.Kb1 f5
23.gxf6 Bxf6 24.h4 Kf7 25.Rh2 Ke6 26.Nf1 Rf8 27.Bd2 Be7 28.Bxb4 Rxf3 29.Ne3 Bc6
30.Nc4 Nf6 31.h5 g5 32.b3 axb3 33.axb3 Nxe4 34.Rhe2 Rf4 35.Kb2 g4 36.Rg1 Bf6
37.Ne3 g3 38.Be1 Rf3 39.Nf1 Bh4 40.Reg2 Rf7 41.Nxg3 Nxg3 42.Rh2 Bf6 43.Rxg3 d5
44.c3 e4 45.Rgh3 Rb7 46.Kc2 Bb5 47.Bd2 Be5 48.Rf2 Rg7 49.Be3 Rc7 50.Bf4 Rf7
51.Bg3 Bd3+ 52.Kd2 Bf6 53.Rxf6+ Rxf6 54.Rh2 Rf3 55.Bf2 Ba6 56.Be3 Rf1  1/2-1/2

[Event "Open"]
[Site "Bled SLO"]
[Date "2001.03.29"]
[Round "6"]
[White "Mazi,L"]
[Black "Nierlich,G"]
[Result "1-0"]
[WhiteElo "2397"]
[BlackElo "2081"]

1.e4 c5 2.Nf3 d6 3.d4 cxd4 4.Nxd4 Nf6 5.Nc3 a6 6.Be3 e6 7.Qd2 Be7 8.f3 Nc6
9.O-O-O Qc7 10.g4 h6 11.h4 Bd7 12.Kb1 Ne5 13.Qg2 O-O-O 14.g5 hxg5 15.hxg5 Rxh1
16.Qxh1 Ne8 17.f4 Nc4 18.Bxc4 Qxc4 19.Qh5 Nc7 20.Qxf7 Bf8 21.Rd3 Kb8 22.f5 d5
23.Nxe6 Bxe6 24.fxe6 d4 25.e7  1-0

[Event "56th ch-YUG"]
[Site "Herceg Novi YUG"]
[Date "2001.03.29"]
[Round "6"]
[White "Todorovic,GM"]
[Black "Ilincic,Z"]
[Result "1-0"]
[WhiteElo "2485"]
[BlackElo "2542"]

1.e4 c5 2.Nf3 d6 3.d4 cxd4 4.Nxd4 Nf6 5.Nc3 a6 6.Be3 e6 7.g4 h6 8.Bg2 e5
9.Nf5 Be6 10.h3 g6 11.Ng3 Nbd7 12.Nd5 Bxd5 13.exd5 Rc8 14.Qd2 h5 15.g5 h4
16.gxf6 hxg3 17.fxg3 Nxf6 18.O-O-O Nh5 19.g4 Nf4 20.Bxf4 exf4 21.Qd4 Rh7
22.Qa4+ Qd7 23.Rhe1+ Kd8 24.Qxf4 Kc7 25.Kb1 Kb8 26.Rd3 Bg7 27.Rb3 Qc7 28.c3 Rhh8
29.Qa4 Ka7 30.Bf1 Ra8 31.Re4 f5 32.Bxa6 Kb8 33.Reb4  1-0

[Event "Open"]
[Site "Bled SLO"]
[Date "2001.03.31"]
[Round "8"]
[White "Podkriznik,G"]
[Black "Nierlich,G"]
[Result "1-0"]
[WhiteElo "2342"]
[BlackElo "2081"]

1.e4 c5 2.Nf3 d6 3.d4 cxd4 4.Nxd4 Nf6 5.Nc3 a6 6.Be3 e6 7.f3 b5 8.g4 h6 9.Qd2 Bb7
10.O-O-O Nbd7 11.h4 d5 12.Bh3 Bb4 13.g5 Nh5 14.g6 Nc5 15.a3 Bxc3 16.Qxc3 Rc8
17.gxf7+ Kxf7 18.Nxe6 Nxe6 19.Qe5 Re8 20.Qxh5+ Kg8 21.Rhg1 Qc7 22.Rd2 Nf4
23.Bxf4 Qxf4 24.Bxc8 Rxc8 25.Qg4 Qc7 26.Rdg2  1-0

[Event "56th ch-YUG"]
[Site "Herceg Novi YUG"]
[Date "2001.03.31"]
[Round "8"]
[White "Pikula,D"]
[Black "Ilincic,Z"]
[Result "1-0"]
[WhiteElo "2513"]
[BlackElo "2542"]

1.e4 c5 2.Nf3 d6 3.d4 cxd4 4.Nxd4 Nf6 5.Nc3 a6 6.Be3 e6 7.g4 h6 8.Bg2 e5
9.Nf5 Be6 10.h3 g6 11.Ng3 Nbd7 12.Nd5 Bxd5 13.exd5 Rc8 14.Qd2 h5 15.g5 h4
16.gxf6 hxg3 17.fxg3 Nxf6 18.O-O-O Be7 19.Kb1 Qc7 20.Rhf1 Qc4 21.Qf2 Rh7
22.b3 Qc7 23.c4 Nd7 24.h4 f5 25.h5 Rxh5 26.g4 Rh2 27.gxf5 gxf5 28.Qxf5 Qa5
29.Bg5 Bxg5 30.Qxg5 Rxg2 31.Qxg2 Kd8 32.Rf7 Kc7 33.Rxd7+ Kxd7 34.Qg7+  1-0

[Event "ch-CUB"]
[Site "Las Tunas CUB"]
[Date "2001.04.01"]
[Round "1"]
[White "Quesada,R"]
[Black "Leyva,R"]
[Result "0-1"]
[WhiteElo "2244"]
[BlackElo "2400"]

1.e4 c5 2.Nf3 d6 3.d4 cxd4 4.Nxd4 Nf6 5.Nc3 a6 6.Be3 e6 7.f3 b5 8.Qd2 Bb7
9.g4 Nfd7 10.O-O-O Nb6 11.Qf2 N8d7 12.Bd3 Rc8 13.Kb1 Rxc3 14.bxc3 Qc7 15.Ne2 Na4
16.h4 d5 17.exd5 Bxd5 18.Be4 Bc4 19.Bf4 e5 20.Rxd7 Qxd7 21.Bxe5 Bc5 22.Qe1 O-O
23.Nf4 f6 24.Bf5 Qf7 25.Bd4 Ba3 26.Be6 Bxe6 27.Qxe6 Qxe6 28.Nxe6 Rc8 29.Rd1 Kf7
30.Nf4 Bb2 31.Rd3 Re8 32.Be3 Bxc3 33.Nd5 Be5 34.c3 Rc8 35.Kc2 Nxc3 36.Nxc3 b4
37.Bd2 Ke6 38.a4 h5 39.Re3 bxc3 40.Bxc3 hxg4 41.fxg4 Rc4 42.g5 Rxh4 43.gxf6 gxf6
44.Kb3 Rg4 45.Bxe5 fxe5 46.Rc3 Kf5 47.a5 e4 48.Kc2 Rg2+ 49.Kd1 Ra2 50.Rc5+ Kf4
51.Ke1 Kf3 52.Re5 Kf4 53.Rc5 Ke3 54.Rc3+ Kd4 55.Rb3 Rxa5 56.Rb4+ Ke3 57.Rb3+ Kf4
58.Rb2 Ra1+ 59.Ke2 Rh1 60.Rb3 Rh2+ 61.Ke1 Ra2 62.Rc3 a5 63.Kf1 a4 64.Kg1 e3  0-1

[Event "ch-CUB"]
[Site "Las Tunas CUB"]
[Date "2001.04.02"]
[Round "2"]
[White "De la Paz,F"]
[Black "Vera,R"]
[Result "0-1"]
[WhiteElo "2437"]
[BlackElo "2534"]

1.e4 c5 2.Nf3 d6 3.d4 cxd4 4.Nxd4 Nf6 5.Nc3 a6 6.Be3 e6 7.g4 h6 8.Qe2 b5
9.Bg2 Bb7 10.a3 Nbd7 11.h4 Rc8 12.g5 Rxc3 13.gxf6 Qc7 14.O-O-O Rc4 15.f4 Nxf6
16.e5 Bxg2 17.Qxg2 Nd5 18.Rhe1 dxe5 19.fxe5 g6 20.h5 g5 21.Nf5 Qc6 22.Bd4 Nb4
23.Qxc6+ Nxc6 24.b3 Nxd4 25.Nxd4 Bxa3+ 26.Kb1 Rc7 27.Nf3 O-O 28.Nh2 Rfc8
29.Re2 Bf8 30.Red2 Be7 31.Ng4 Kg7 32.Rd7 a5 33.Rxc7 Rxc7 34.Kb2 a4 35.bxa4  0-1

[Event "ch-CUB"]
[Site "Las Tunas CUB"]
[Date "2001.04.04"]
[Round "4"]
[White "De la Paz,F"]
[Black "Leyva,R"]
[Result "1-0"]
[WhiteElo "2437"]
[BlackElo "2400"]

1.e4 c5 2.Nf3 d6 3.d4 cxd4 4.Nxd4 Nf6 5.Nc3 a6 6.Be3 e6 7.g4 h5 8.g5 Ng4
9.Bc1 Qb6 10.h3 Ne5 11.Nb3 Nbc6 12.Be3 Qc7 13.f4 Nd7 14.Qd2 b5 15.O-O-O g6
16.Nd5 Qb7 17.Bg2 exd5 18.exd5 Ne7 19.Bd4 Rg8 20.Rhe1 a5 21.Bf6 Kd8 22.Nxa5 Rxa5
23.Qxa5+ Qb6 24.Qa8 Qa6 25.Qxa6 Bxa6 26.Bc3 Nc5 27.Bf1 Nf5 28.Bf6+ Be7 29.Bxe7+ Nxe7
30.Re3 b4 31.Bxa6 Nxa6 32.a3 Kd7 33.Rb3 Rb8 34.axb4 Nxb4 35.Rd4 Na6 36.Rxb8 Nxb8
37.c4 Kc7 38.Kc2 Nf5 39.Re4 Kd8 40.b4 Nd7 41.Kb3 Nb6 42.Re1 h4 43.Kc3 Na4+
44.Kb3 Nb6 45.Kc3 Na4+ 46.Kb3 Nb6 47.Rd1 Ne3 48.Rd4 Nf5 49.Rd3 Ne7 50.c5 Nd7
51.Kc4 f6 52.c6 fxg5 53.cxd7 gxf4 54.Kd4 Kxd7 55.Ke4 g5 56.Rc3 Nc8 57.Rc1  1-0

[Event "TCh-CHN Women"]
[Site "Suzhou, Jiangsu CHN"]
[Date "2001.04.05"]
[Round "10"]
[White "Wang Yu"]
[Black "Wang Pin"]
[Result "1/2-1/2"]
[WhiteElo "2426"]
[BlackElo "2506"]

1.e4 c5 2.Nf3 d6 3.d4 cxd4 4.Nxd4 Nf6 5.Nc3 a6 6.Be3 e6 7.g4 h6 8.f4 b5 9.a3 Bb7
10.Bg2 Nbd7 11.Qe2 Rc8 12.O-O Nc5 13.Bf2 Qc7 14.Rad1 Be7 15.Bg3 O-O 16.g5 hxg5
17.fxg5 Nh7 18.h4 g6 19.Rf2 Qb6 20.Nf3 b4 21.axb4 Qxb4 22.Bxd6 Bxd6 23.Rxd6 Qxb2
24.Qe3 Qa3 25.Qd4 Nxe4 26.Nxe4 Bxe4 27.Ne5 Bf5 28.Rxf5 gxf5 29.g6 Nf6 30.gxf7+ Rxf7
31.Nxf7 Kxf7 32.Qa7+ Kg6 33.Rxe6 Qc5+  1/2-1/2

[Event "7th Open"]
[Site "Werther GER"]
[Date "2001.04.07"]
[Round "2"]
[White "Meijers,V"]
[Black "Cremer,J"]
[Result "1-0"]
[WhiteElo "2483"]
[BlackElo "2173"]

1.e4 c5 2.Nf3 d6 3.d4 cxd4 4.Nxd4 Nf6 5.Nc3 a6 6.Be3 e5 7.Nf3 Be7 8.a4 Qc7
9.a5 Be6 10.Nd5 Bxd5 11.exd5 Nbd7 12.c4 O-O 13.Be2 Qd8 14.O-O Rc8 15.b4 Re8
16.Nd2 h6 17.Nb3 Nb8 18.Qd3 Nfd7 19.Rac1 Bg5 20.c5 e4 21.Qd4 Bxe3 22.fxe3 Nf6
23.Rf5 Re5 24.Rcf1 Rxf5 25.Rxf5 Qd7 26.g4 Qa4 27.Bd1 Qd7 28.Nd2 Qe7 29.cxd6 Qxd6
30.Nxe4 Nxe4 31.Qxe4 Rc1 32.Rf1 Nd7 33.Qe8+ Kh7 34.Qxf7 Nf6 35.Be2 Rxf1+
36.Kxf1 Qxb4 37.Bd3+ Kh8 38.h3 Qd2 39.Qf8+ Ng8 40.Qf5 Nf6 41.d6 Qxe3 42.Qc8+ Ng8
43.Bc4 Qxh3+ 44.Ke2 Qg2+ 45.Kd3 Qg3+ 46.Kc2 Qf2+ 47.Kb3 Qf3+ 48.Kb4 Kh7 49.Qxg8+ Kg6
50.Qe8+ Kg5 51.Qh5+  1-0

[Event "32nd Open"]
[Site "Mar del Plata ARG"]
[Date "2001.04.10"]
[Round "4"]
[White "Kanefsck,G"]
[Black "Lafuente,P"]
[Result "1/2-1/2"]
[WhiteElo "2387"]
[BlackElo "2364"]

1.e4 c5 2.Nf3 d6 3.d4 cxd4 4.Nxd4 Nf6 5.Nc3 a6 6.Be3 e5 7.Nb3 Be7 8.Be2 Be6
9.O-O O-O 10.Kh1 Qc7 11.f4 Nbd7 12.f5 Bc4 13.g4 h6 14.g5 hxg5 15.Bxg5 b5
16.Rg1 Rfc8 17.a3  1/2-1/2

[Event "ch-CUB"]
[Site "Las Tunas CUB"]
[Date "2001.04.11"]
[Round "10"]
[White "Gonzalez,Y"]
[Black "Vera,R"]
[Result "0-1"]
[WhiteElo "2426"]
[BlackElo "2534"]

1.e4 c5 2.Nf3 d6 3.d4 cxd4 4.Nxd4 Nf6 5.Nc3 a6 6.Be3 e6 7.f3 b5 8.g4 b4 9.Nce2 h6
10.Ng3 e5 11.Ndf5 Be6 12.g5 hxg5 13.Bxg5 Nc6 14.f4 Qb6 15.Qe2 Nd4 16.Qd3 Nxf5
17.Nxf5 Ng4 18.Qe2 Bxf5 19.exf5 Qe3 20.Qxe3 Nxe3 21.Bd3 f6 22.Kf2 fxg5 23.Kxe3 gxf4+
24.Ke4 Rh3 25.Rhe1 Rc8 26.Re2 a5 27.Rg1 Rc5 28.b3 Be7 29.Bc4 Bf6 30.Rd1 Ke7
31.Rd3 f3 32.Re1 f2 33.Red1 Rxd3 34.cxd3 d5+ 35.Bxd5 Rc2 36.Rf1 Rxa2 37.Kf3 Bh4
38.Kg4 Kd6 39.Bc4 Bd8 40.Kh5 Bb6 41.Kg6 Bd4 42.Kxg7 e4+  0-1

[Event "Solett Open"]
[Site "Skelleftea SWE"]
[Date "2001.04.11"]
[Round "3"]
[White "Berg,E"]
[Black "Mardell,Jo"]
[Result "1-0"]
[WhiteElo "2474"]
[BlackElo "2036"]

1.e4 c5 2.Nf3 d6 3.d4 cxd4 4.Nxd4 Nf6 5.Nc3 a6 6.Be3 e5 7.Nb3 Be6 8.f3 Be7
9.Qd2 Qc7 10.g4 h6 11.O-O-O Nbd7 12.Kb1 Nb6 13.Qf2 Nfd7 14.h4 g6 15.Nd5 Bxd5
16.exd5 Na4 17.f4 O-O-O 18.fxe5 Nxe5 19.Bd4 Rhf8 20.Qf4 Nb6 21.Rh3 Nxd5 22.Qf2 Nxg4
23.Qg2 Nb4 24.Rc3 Nc6 25.Bxa6 Kb8 26.Bxb7  1-0

[Event "Osteropen"]
[Site "Essen-Borbeck GER"]
[Date "2001.04.13"]
[Round "4"]
[White "Rizouk,A"]
[Black "Kuczynski,R"]
[Result "1/2-1/2"]
[WhiteElo "2406"]
[BlackElo "2509"]

1.e4 c5 2.Nf3 d6 3.d4 cxd4 4.Nxd4 Nf6 5.Nc3 a6 6.Be3 e5 7.Nb3 Be7 8.f3 Be6
9.Qd2 O-O 10.O-O-O Nbd7 11.g4 Qc7 12.g5 Nh5 13.Kb1 b5 14.Nd5 Bxd5 15.exd5 Nb6
16.Na5 Nxd5 17.Qxd5 Qxa5 18.Bh3 Qb4 19.Qb7 Qh4 20.Be6 Nf4 21.Bxf4 Qxf4 22.Qxe7 fxe6
23.Qxe6+ Kh8 24.Qxd6 Qxg5  1/2-1/2